Normal view MARC view
  • Williams , Henry Smith

Entry Personal Name

Number of records used in: 5

001 - CONTROL NUMBER

  • control field: 134324

003 - CONTROL NUMBER IDENTIFIER

  • control field: NUST

005 - DATE AND TIME OF LATEST TRANSACTION

  • control field: 20260505095328.0

008 - FIXED-LENGTH DATA ELEMENTS

  • fixed length control field: 260505|| aca||aabn | a|a d

040 ## - CATALOGING SOURCE

  • Original cataloging agency: NUST
  • Transcribing agency: NUST

100 ## - HEADING--PERSONAL NAME

  • Personal name: Williams , Henry Smith

670 ## - SOURCE DATA FOUND

  • Source citation: Work cat.: (NUST): Williams , Henry Smith., The historians' history of the world in twenty-five volumes, volume 09 Italy /, 1904.
© 2023 Central Library, National University of Sciences and Technology. All Rights Reserved.